| 000 | 00633nam a2200229Ia 4500 | ||
|---|---|---|---|
| 001 | 296 | ||
| 003 | GE_BSU | ||
| 008 | 181216s||||||||xx |||||||||||||| ||und|| | ||
| 020 | _a97899410087577 | ||
| 040 | _cGE_BSU | ||
| 080 | _a33(075.8) | ||
| 100 | _aანანიაშვილი,იური | ||
| 245 | _aეკონომეტრიკა. ნ.1 | ||
| 245 | _bსახელმძღვანელო | ||
| 260 | _aთბილისი | ||
| 260 | _bმერიდიანი | ||
| 260 | _c2010 | ||
| 300 | _a342გვ. | ||
| 541 | _h18 ლ. | ||
| 653 | _aეკონომეტრიკა. | ||
| 942 | _cBK | ||
| 999 |
_c34541 _d34541 |
||